[Event "Bodensee op Seniors"]
[Site "Bregenz"]
[Date "2017.05.27"]
[Round "8"]
[White "Kierzek, Matthias"]
[Black "Ulker, Ates"]
[Result "1/2-1/2"]
[WhiteElo "2262"]
[BlackElo "2113"]
[PlyCount "35"]
[EventDate "2017.05.20"]
[EventType "swiss"]
[EventRounds "9"]
[EventCountry "AUT"]
[SourceTitle "CBM 178 Extra"]
[Source "ChessBase"]
[SourceDate "2017.06.22"]
[SourceVersion "1"]
[SourceVersionDate "2017.06.22"]
[SourceQuality "1"]

1. d4 Nf6 2. c4 e6 3. Nf3 b6 4. g3 Bb7 5. Bg2 Be7 6. 0-0 0-0 7. d5 exd5 8. Nh4 c6 9. cxd5 Nxd5 10. Nf5 Nf6 11. Nc3 d5 12. e4 Nbd7 13. Bg5 Kh8 14. Nxe7 Qxe7 15. exd5 cxd5 16. Nxd5 Bxd5 17. Bxd5 Rad8 18. Qb3 1/2-1/2

[Event "Bodensee op Seniors"]
[Site "Bregenz"]
[Date "2017.05.25"]
[Round "6"]
[White "Ulker, Ates"]
[Black "Dobosz, Henryk"]
[Result "1/2-1/2"]
[WhiteElo "2113"]
[BlackElo "2381"]
[PlyCount "83"]
[EventDate "2017.05.20"]
[EventType "swiss"]
[EventRounds "9"]
[EventCountry "AUT"]
[SourceTitle "CBM 178 Extra"]
[Source "ChessBase"]
[SourceDate "2017.06.22"]
[SourceVersion "1"]
[SourceVersionDate "2017.06.22"]
[SourceQuality "1"]

1. e4 e6 2. d4 d5 3. Nd2 c5 4. exd5 Qxd5 5. Ngf3 cxd4 6. Bc4 Qd6 7. 0-0 Nf6 8. Nb3 Nc6 9. Nbxd4 Nxd4 10. Qxd4 Bd7 11. Bf4 Qxd4 12. Nxd4 Rc8 13. Bb3 Bc5 14. Rad1 0-0 15. h3 Rfd8 16. c3 Kf8 17. Rfe1 b5 18. a3 a5 19. Nc2 Bc6 20. Be3 Bxe3 21. Nxe3 Ne4 22. Rxd8+ Rxd8 23. Rd1 Rxd1+ 24. Bxd1 Ke7 25. f3 Nd6 26. Kf2 f5 27. g3 g5 28. Be2 f4 29. gxf4 gxf4 30. Nf1 e5 31. Nd2 Bd7 32. Bd3 h6 33. h4 Bf5 34. Bf1 Be6 35. b3 Kd7 36. Bd3 Bf5 37. Bf1 Kc6 38. b4 axb4 39. axb4 Bc2 40. c4 bxc4 41. Nxc4 Nxc4 42. Bxc4 1/2-1/2

[Event "Bodensee op Seniors"]
[Site "Bregenz"]
[Date "2017.05.23"]
[Round "4"]
[White "Ulker, Ates"]
[Black "Abegg, Beat"]
[Result "1-0"]
[WhiteElo "2113"]
[BlackElo "1903"]
[PlyCount "57"]
[EventDate "2017.05.20"]
[EventType "swiss"]
[EventRounds "9"]
[EventCountry "AUT"]
[SourceTitle "CBM 178 Extra"]
[Source "ChessBase"]
[SourceDate "2017.06.22"]
[SourceVersion "1"]
[SourceVersionDate "2017.06.22"]
[SourceQuality "1"]

1. e4 d6 2. d4 Nf6 3. Nc3 e5 4. Nf3 exd4 5. Nxd4 Be7 6. Bc4 0-0 7. 0-0 Re8 8. Re1 Nbd7 9. a4 Ne5 10. Ba2 c6 11. h3 Qc7 12. Bf4 Ng6 13. Bh2 Bf8 14. Kh1 a6 15. f4 c5 16. Nf3 Be6 17. f5 Bxa2 18. fxg6 Be6 19. gxh7+ Nxh7 20. Qd2 Rad8 21. Rad1 Qc6 22. b3 b5 23. axb5 axb5 24. Qf4 b4 25. Nd5 Bxd5 26. Rxd5 Nf6 27. Rf5 Rxe4 28. Rxe4 Qxe4 29. Rxf6 1-0

[Event "Bodensee op Seniors"]
[Site "Bregenz"]
[Date "2016.05.07"]
[Round "8"]
[White "Jackson, Oliver A"]
[Black "Ulker, Ates"]
[Result "0-1"]
[WhiteElo "2064"]
[BlackElo "2128"]
[PlyCount "94"]
[EventDate "2016.04.30"]
[EventType "swiss"]
[EventRounds "9"]
[EventCountry "AUT"]
[SourceTitle "CBM 172 Extra"]
[Source "ChessBase"]
[SourceDate "2016.06.21"]
[SourceVersion "1"]
[SourceVersionDate "2016.06.21"]
[SourceQuality "1"]

1. e4 e6 2. Nc3 d5 3. d4 Nf6 4. e5 Nfd7 5. f4 c5 6. Nf3 Nc6 7. Bd3 a6 8. 0-0 cxd4 9. Ne2 Nc5 10. Nexd4 Nxd3 11. Qxd3 Bc5 12. Kh1 Bd7 13. Bd2 Rc8 14. c3 Nxd4 15. Nxd4 f5 16. Qh3 0-0 17. Be3 Qe8 18. Rf3 Bb5 19. Bf2 Bxd4 20. Bxd4 Be2 21. Rf2 Qh5 22. Qe3 Bb5 23. Rg1 h6 24. g4 fxg4 25. Rfg2 Rc7 26. Rxg4 Qf5 27. Qg3 Qe4+ 28. Rg2 Rff7 29. Qe3 Qxe3 30. Bxe3 d4 31. Bxd4 Bc6 32. Kg1 Bxg2 33. Kxg2 Kh7 34. Kf3 g5 35. Ke4 Rxf4+ 36. Rxf4 gxf4 37. Kxf4 Kg6 38. a4 Rf7+ 39. Ke4 Rf1 40. Be3 Rh1 41. Bf4 h5 42. b4 h4 43. a5 Re1+ 44. Kd4 Kf5 45. Bd2 Re2 46. Be3 Rxh2 47. Kc5 Rg2 0-1

[Event "Bodensee op Seniors"]
[Site "Bregenz"]
[Date "2015.05.15"]
[Round "7"]
[White "Lang, Ferdinand"]
[Black "Ulker, Ates"]
[Result "0-1"]
[WhiteElo "2072"]
[BlackElo "2092"]
[PlyCount "98"]
[EventDate "2015.05.09"]
[EventType "swiss"]
[EventRounds "9"]
[EventCountry "AUT"]
[SourceTitle "CBM 166 Extra"]
[Source "ChessBase"]
[SourceDate "2015.06.18"]
[SourceVersion "1"]
[SourceVersionDate "2015.06.18"]
[SourceQuality "1"]

1. e4 e6 2. d4 d5 3. Nc3 Nf6 4. exd5 exd5 5. Bd3 Bd6 6. Bg5 Be6 7. Qd2 h6 8. Bh4 c6 9. Nge2 0-0 10. f4 Re8 11. f5 Bc8 12. 0-0-0 Be7 13. h3 b5 14. Nf4 b4 15. Nce2 Qa5 16. Kb1 Ne4 17. Bxe4 Bxh4 18. Bd3 Nd7 19. g3 Bd8 20. h4 Nf6 21. g4 b3 22. Qxa5 bxc2+ 23. Bxc2 Bxa5 24. Rhg1 Ne4 25. Ba4 Bd7 26. Nc1 Re7 27. Ncd3 Bd2 28. Ne2 Rb8 29. Kc2 Ba5 30. Ne5 Nc5 31. dxc5 Rxe5 32. Nd4 Rc8 33. a3 Bd8 34. Rg2 Re4 35. b4 Bxh4 36. Nf3 Bf6 37. Nd2 Re3 38. Bb3 a6 39. Nb1 Rce8 40. Bc4 Bxf5+ 41. gxf5 dxc4 42. Rd6 Re2+ 43. Rxe2 Rxe2+ 44. Kd1 Rb2 45. Kc1 c3 46. Nxc3 Bxc3 47. Rxc6 Ra2 48. Rxa6 Bxb4 49. c6 Rxa3 0-1

[Event "Istanbul m"]
[Site "Istanbul"]
[Date "2013.11.16"]
[Round "2"]
[White "Ulker, Ates"]
[Black "Schmidt, Martin"]
[Result "1-0"]
[WhiteElo "2082"]
[BlackElo "2100"]
[PlyCount "49"]
[EventDate "2013.11.16"]
[EventType "schev"]
[EventRounds "2"]
[EventCountry "TUR"]
[SourceTitle "EXT 2015"]
[Source "ChessBase"]
[SourceDate "2014.11.20"]
[SourceVersion "1"]
[SourceVersionDate "2014.11.20"]
[SourceQuality "1"]
[WhiteTeam "Turkey"]
[BlackTeam "The World"]
[WhiteTeamCountry "TUR"]

1. e4 e6 2. d4 d5 3. Nd2 a6 4. c3 Nf6 5. e5 Nfd7 6. Bd3 c5 7. Ne2 Nc6 8. 0-0 cxd4 9. cxd4 Qb6 10. Nf3 Be7 11. a3 0-0 12. b4 f6 13. exf6 Bxf6 14. Bb2 Rf7 15. Qd2 e5 16. dxe5 Ndxe5 17. Nxe5 Nxe5 18. Bd4 Qd6 19. Bc2 b6 20. f4 Nc4 21. Qc3 Bg4 22. Ng3 Bh4 23. Qd3 g6 24. Bc3 Rxf4 25. Rxf4 1-0

[Event "EU-chT Seniors"]
[Site "Rogaska Slatina"]
[Date "2012.03.27"]
[Round "1.1"]
[White "Mishuchkov, Nikolai Mikhailovic"]
[Black "Ulker, Ates"]
[Result "1-0"]
[WhiteElo "2431"]
[BlackElo "2068"]
[PlyCount "139"]
[EventDate "2012.03.27"]
[EventType "team-swiss"]
[EventRounds "9"]
[EventCountry "SLO"]
[SourceTitle "CBM 147 Extra"]
[Source "ChessBase"]
[SourceDate "2012.04.24"]
[SourceVersion "1"]
[SourceVersionDate "2012.04.24"]
[SourceQuality "1"]
[WhiteTeam "Russia (Seniors)"]
[BlackTeam "Turkey (Seniors)"]
[WhiteTeamCountry "RUS"]
[BlackTeamCountry "TUR"]

1. d4 Nf6 2. Nf3 d5 3. c4 c6 4. Nbd2 Bf5 5. Nh4 Bd7 6. e3 e6 7. Nhf3 Bd6 8. Bd3 0-0 9. 0-0 c5 10. e4 dxe4 11. Nxe4 Nxe4 12. Bxe4 Bc6 13. Re1 h6 14. a3 cxd4 15. Qxd4 Be7 16. Bxc6 Qxd4 17. Nxd4 Nxc6 18. Nxc6 bxc6 19. Bf4 Bf6 20. Bd6 Rfd8 21. c5 Bxb2 22. Rab1 Bc3 23. Rec1 Bd4 24. Rb7 e5 25. Kf1 e4 26. Rc4 Bf6 27. Rxe4 a6 28. Rb6 Rdc8 29. Ke2 a5 30. Kd3 Ra7 31. Kc4 g5 32. Re3 Kh7 33. g4 a4 34. f3 Kg6 35. Re4 h5 36. h3 hxg4 37. hxg4 Raa8 38. Kd3 Ra5 39. Reb4 Raa8 40. Kc4 Re8 41. Kd3 Re1 42. Rb1 Re6 43. Rb8 Rxb8 44. Rxb8 Re1 45. Rg8+ Kh7 46. Ra8 Ra1 47. Rxa4 Bb2 48. Ke4 Kg6 49. Ra6 Rxa3 50. Rxc6 Ra4+ 51. Kd3 f6 52. Rb6 Bd4 53. Rb8 Bg1 54. c6 Rd4+ 55. Ke2 Rxd6 56. c7 Rc6 57. c8Q Rxc8 58. Rxc8 Bd4 59. Kd3 Be5 60. Ke4 Bb2 61. Rc6 Ba3 62. Kd5 Kf7 63. Rc7+ Kg6 64. Ke6 Bb2 65. Rc8 Kg7 66. Kf5 Be5 67. Ra8 Bd4 68. Rb8 Be5 69. Rb7+ Kf8 70. Kg6 1-0

[Event "TUR-ch"]
[Site "Kemer"]
[Date "2012.02.01"]
[Round "6"]
[White "Burcu, Cagatay"]
[Black "Ulker, Ates"]
[Result "1-0"]
[WhiteElo "1931"]
[BlackElo "2101"]
[PlyCount "79"]
[EventDate "2012.01.29"]
[EventType "swiss"]
[EventRounds "10"]
[EventCountry "TUR"]
[SourceTitle "CBM 146 Extra"]
[Source "ChessBase"]
[SourceDate "2012.02.29"]
[SourceVersion "1"]
[SourceVersionDate "2012.02.29"]
[SourceQuality "1"]

1. d4 Nf6 2. c4 e6 3. Nc3 Bb4 4. Qc2 0-0 5. a3 Bxc3+ 6. Qxc3 h6 7. g4 d5 8. Bg2 c6 9. g5 hxg5 10. Bxg5 Ne4 11. Bxe4 Qxg5 12. Nf3 Qh6 13. Bc2 Nd7 14. Rg1 Nf6 15. e3 Qh5 16. Rg3 Ne4 17. Bxe4 dxe4 18. Ne5 f6 19. Ng6 Rf7 20. Qc2 e5 21. dxe5 fxe5 22. Qd1 Qxd1+ 23. Rxd1 Be6 24. Rg5 Bxc4 25. Rh5 Rf6 26. Rh8+ Kf7 27. Nxe5+ Ke6 28. Rxa8 Kxe5 29. Rxa7 Ba6 30. Ra8 Rg6 31. Re8+ Kf5 32. Rd7 Rg2 33. Rf7+ Kg6 34. Ree7 Rxh2 35. Rxg7+ Kf6 36. Rgf7+ Kg6 37. Rf4 Rh1+ 38. Kd2 Rb1 39. Re8 Rxb2+ 40. Kc1 1-0

[Event "TUR-ch"]
[Site "Kemer"]
[Date "2012.01.29"]
[Round "1"]
[White "Ulker, Ates"]
[Black "Ikis, Ihsan"]
[Result "1-0"]
[WhiteElo "2101"]
[BlackElo "1575"]
[PlyCount "77"]
[EventDate "2012.01.29"]
[EventType "swiss"]
[EventRounds "10"]
[EventCountry "TUR"]
[SourceTitle "CBM 146 Extra"]
[Source "ChessBase"]
[SourceDate "2012.02.29"]
[SourceVersion "1"]
[SourceVersionDate "2012.02.29"]
[SourceQuality "1"]

1. e4 c5 2. Nf3 g6 3. c3 Bg7 4. d4 cxd4 5. cxd4 d6 6. h3 Nf6 7. Nc3 0-0 8. Bd3 Nc6 9. 0-0 Bd7 10. Be3 a6 11. Qd2 b5 12. Bh6 Qb6 13. e5 Nxd4 14. Nxd4 Qxd4 15. Bxg7 Kxg7 16. exf6+ Qxf6 17. Be4 Rad8 18. Nd5 Qh4 19. Rfe1 e5 20. Rac1 f5 21. Bc2 Bc8 22. f4 Bb7 23. Bb3 Rc8 24. Qf2 Qxf2+ 25. Kxf2 e4 26. Nb6 Rc5 27. Nd7 Rxc1 28. Rxc1 Rc8 29. Rxc8 Bxc8 30. Nb6 Bb7 31. Bd5 Bxd5 32. Nxd5 a5 33. a3 Kf7 34. Ke3 Ke6 35. Nc7+ Kd7 36. Nxb5 Kc6 37. Nd4+ Kc5 38. b3 d5 39. Nc2 1-0

[Event "Izmir op 7th"]
[Site "Izmir"]
[Date "2008.09.05"]
[Round "8"]
[White "Ulker, Ates"]
[Black "Annageldyev, Orazly"]
[Result "1/2-1/2"]
[WhiteElo "2147"]
[BlackElo "2434"]
[PlyCount "142"]
[EventDate "2008.08.30"]
[EventType "swiss"]
[EventRounds "10"]
[EventCountry "TUR"]
[SourceTitle "CBM 126 Extra"]
[Source "ChessBase"]
[SourceDate "2008.11.05"]
[SourceVersion "1"]
[SourceVersionDate "2008.11.05"]
[SourceQuality "1"]

1. e4 c5 2. Nf3 d6 3. d4 cxd4 4. Nxd4 Nf6 5. Nc3 a6 6. Bg5 e6 7. f4 Nbd7 8. Qf3 Qc7 9. 0-0-0 b5 10. e5 Bb7 11. Qh3 dxe5 12. Nxe6 fxe6 13. Qxe6+ Be7 14. Bxb5 0-0-0 15. Qxe7 axb5 16. Nxb5 Qc5 17. Qxc5+ Nxc5 18. Rxd8+ Rxd8 19. fxe5 Nce4 20. h4 Nxg5 21. hxg5 Ne8 22. Rxh7 Bxg2 23. a4 Bf3 24. Nc3 Rd4 25. b3 Rg4 26. Rh3 Bc6 27. Re3 Kd7 28. Kb2 Ke6 29. Ka3 Rxg5 30. Ne2 Rg4 31. c3 Be4 32. b4 Kxe5 33. c4 Nd6 34. Kb3 Nf5 35. Rh3 Nd4+ 36. Nxd4 Kxd4 37. a5 Bd3 38. c5 Bc4+ 39. Ka4 Kd5 40. Rh8 Kc6 41. Rc8+ Kb7 42. Rd8 g5 43. Rd7+ Kc6 44. Rd6+ Kc7 45. a6 Re4 46. Ka5 Re1 47. b5 Ra1+ 48. Kb4 Bxb5 49. Kxb5 g4 50. Rc6+ Kd7 51. Rg6 Rb1+ 52. Kc4 Rc1+ 53. Kd4 Rd1+ 54. Ke4 Ra1 55. Kf4 Ra4+ 56. Ke5 Ra1 57. a7 Kc7 58. Kd5 Rd1+ 59. Kc4 Rc1+ 60. Kd4 Rd1+ 61. Kc3 Ra1 62. Kb4 Rxa7 63. Rg7+ Kb8 64. Rxg4 Ra6 65. Kb5 Rh6 66. Rg7 Kc8 67. Ra7 Kb8 68. Rd7 Kc8 69. Rd6 Rxd6 70. cxd6 Kd7 71. Kc5 Kd8 1/2-1/2

[Event "Ankara President's Cup"]
[Site "Ankara"]
[Date "2007.04.29"]
[Round "12"]
[White "Ozturk Orenli, Kubra"]
[Black "Ulker, Ates"]
[Result "1-0"]
[WhiteElo "2150"]
[BlackElo "2156"]
[PlyCount "127"]
[EventDate "2007.04.28"]
[EventType "tourn (rapid)"]
[EventRounds "13"]
[EventCountry "TUR"]
[EventCategory "3"]
[SourceTitle "CBM 118 Extra"]
[Source "ChessBase"]
[SourceDate "2007.07.04"]
[SourceVersion "1"]
[SourceVersionDate "2007.07.04"]
[SourceQuality "1"]

1. d4 Nf6 2. Nf3 e6 3. g3 b6 4. Bg2 Bb7 5. 0-0 Be7 6. c4 0-0 7. Nc3 Ne4 8. Qc2 Nxc3 9. Qxc3 d6 10. Bf4 Nd7 11. Rfd1 h6 12. Rac1 a5 13. a3 Bf6 14. Qc2 Qe7 15. Qd2 g5 16. Be3 Bg7 17. h4 f6 18. b4 axb4 19. axb4 Ra7 20. c5 Bd5 21. hxg5 fxg5 22. Ra1 Rxa1 23. Rxa1 bxc5 24. bxc5 dxc5 25. Ra7 Qd6 26. dxc5 Nxc5 27. Qa5 Nb3 28. Qxc7 Qxc7 29. Rxc7 Ra8 30. Kh2 Ra2 31. Ng1 Nd2 32. Bxd2 Rxd2 33. Rd7 Rd1 34. Bh3 Ra1 35. Bg2 Bc4 36. Rc7 Ra4 37. Bc6 Rb4 38. Bf3 Kf8 39. Rc8+ Ke7 40. Rc7+ Kf6 41. Bh5 e5 42. Rc6+ Ke7 43. Rc7+ Kf6 44. Nf3 Bf8 45. Nd2 Bd5 46. Rd7 Rd4 47. Nf1 Bc4 48. Rxd4 exd4 49. Nd2 Bd5 50. Nf3 Bc5 51. Bg4 Be4 52. Nd2 Bc2 53. Bf3 Bd1 54. Ne4+ Kf5 55. Nxc5 g4 56. Be4+ Ke5 57. Bd3 h5 58. Nd7+ Ke6 59. Nb6 Kf6 60. Nd5+ Kg5 61. Nf4 h4 62. Ne6+ Kf6 63. Nxd4 h3 64. Bc2 1-0

[Event "Ankara President's Cup"]
[Site "Ankara"]
[Date "2007.04.28"]
[Round "5"]
[White "Esen, Baris"]
[Black "Ulker, Ates"]
[Result "1-0"]
[WhiteElo "2455"]
[BlackElo "2156"]
[PlyCount "65"]
[EventDate "2007.04.28"]
[EventType "tourn (rapid)"]
[EventRounds "13"]
[EventCountry "TUR"]
[EventCategory "3"]
[SourceTitle "CBM 118 Extra"]
[Source "ChessBase"]
[SourceDate "2007.07.04"]
[SourceVersion "1"]
[SourceVersionDate "2007.07.04"]
[SourceQuality "1"]

1. d4 Nf6 2. c4 e6 3. Nf3 b6 4. g3 Bb7 5. Bg2 Be7 6. 0-0 0-0 7. d5 exd5 8. Nh4 c6 9. cxd5 cxd5 10. Nc3 Na6 11. Nf5 Nc5 12. Nxd5 Nxd5 13. Bxd5 Bxd5 14. Qxd5 Bf6 15. Rb1 a5 16. Be3 Rc8 17. Rfd1 Rc6 18. Nd4 Rc8 19. Nb5 Qe7 20. b3 Rc6 21. Rbc1 Rd8 22. Nd6 Qe6 23. Nc4 Ne4 24. Bxb6 Rxb6 25. Nxb6 Nc3 26. Qxe6 fxe6 27. Rd2 d5 28. e3 Rd6 29. Na4 Nxa4 30. bxa4 Rb6 31. Rc5 Ra6 32. Rdc2 e5 33. Rxd5 1-0

[Event "EU-Cup 20th"]
[Site "Izmir"]
[Date "2004.10.08"]
[Round "6.6"]
[White "Marciano, David"]
[Black "Ulker, Ates"]
[Result "1-0"]
[WhiteElo "2512"]
[BlackElo "2180"]
[PlyCount "111"]
[EventDate "2004.10.03"]
[EventType "team-swiss"]
[EventRounds "7"]
[EventCountry "TUR"]
[SourceTitle "CBM 104"]
[Source "ChessBase"]
[SourceDate "2005.01.27"]
[SourceVersion "1"]
[SourceVersionDate "2005.01.27"]
[SourceQuality "1"]
[WhiteTeam "Monaco"]
[BlackTeam "Marmaris"]
[WhiteTeamCountry "MNC"]
[BlackTeamCountry "TUR"]

1. e4 e6 2. d4 d5 3. Nd2 c5 4. Ngf3 Nc6 5. exd5 exd5 6. Bb5 Bd6 7. dxc5 Bxc5 8. 0-0 Nge7 9. Nb3 Bb6 10. Re1 0-0 11. Be3 Bxe3 12. Rxe3 Bg4 13. h3 Bh5 14. Qd2 Bxf3 15. Rxf3 a6 16. Bxc6 bxc6 17. Re1 Ng6 18. Rfe3 Qg5 19. Rc3 Qxd2 20. Nxd2 Rfc8 21. Nb3 Rab8 22. g3 Kf8 23. Rb1 Rb5 24. f4 Ne7 25. Nc5 a5 26. b3 Rd8 27. Kf2 Nf5 28. a4 Rb6 29. Re1 g6 30. g4 Nd6 31. Kf3 Nc8 32. Rce3 Nd6 33. Re7 Rb4 34. Rc7 Rd4 35. Rxc6 Rd2 36. Re2 Rd1 37. Rc7 Rf1+ 38. Kg3 h5 39. Nb7 Re8 40. Rxe8+ Nxe8 41. Rc6 hxg4 42. hxg4 Ke7 43. g5 Ng7 44. Rc7+ Kf8 45. Nxa5 Nf5+ 46. Kh2 Rxf4 47. Nb7 Ne3 48. Nd6 d4 49. a5 Nd5 50. Rc5 Nb4 51. Rc4 Nd5 52. a6 Rg4 53. a7 Nb6 54. Rc6 Rxg5 55. Rxb6 Ra5 56. Rb8+ 1-0

[Event "EU-Cup 20th"]
[Site "Izmir"]
[Date "2004.10.07"]
[Round "5.6"]
[White "Ulker, Ates"]
[Black "Can, Emre"]
[Result "0-1"]
[WhiteElo "2180"]
[BlackElo "2192"]
[PlyCount "54"]
[EventDate "2004.10.03"]
[EventType "team-swiss"]
[EventRounds "7"]
[EventCountry "TUR"]
[SourceTitle "CBM 104"]
[Source "ChessBase"]
[SourceDate "2005.01.27"]
[SourceVersion "1"]
[SourceVersionDate "2005.01.27"]
[SourceQuality "1"]
[WhiteTeam "Marmaris"]
[BlackTeam "Istanbul Eczacibasi"]
[WhiteTeamCountry "TUR"]
[BlackTeamCountry "TUR"]

1. e4 e6 2. d4 d5 3. e5 c5 4. c3 Nc6 5. Nf3 Bd7 6. a3 f6 7. exf6 Nxf6 8. Bd3 Bd6 9. 0-0 0-0 10. Re1 Qc7 11. Bg5 e5 12. Bxf6 Rxf6 13. dxe5 Bxe5 14. Bb5 Bd6 15. Qxd5+ Kh8 16. Nbd2 Rf5 17. Qe4 Raf8 18. Bd3 Ne7 19. Qe2 Rh5 20. h3 Nd5 21. Qd1 Nf4 22. Bf1 Bxh3 23. gxh3 Qd7 24. h4 Qg4+ 25. Kh1 Nh3 26. Bxh3 Qxh3+ 27. Kg1 Rxh4 0-1

[Event "EU-Cup 20th"]
[Site "Izmir"]
[Date "2004.10.04"]
[Round "2.6"]
[White "Ulker, Ates"]
[Black "Rasidovic, Sead"]
[Result "1-0"]
[WhiteElo "2180"]
[BlackElo "2303"]
[PlyCount "73"]
[EventDate "2004.10.03"]
[EventType "team-swiss"]
[EventRounds "7"]
[EventCountry "TUR"]
[SourceTitle "CBM 104"]
[Source "ChessBase"]
[SourceDate "2005.01.27"]
[SourceVersion "1"]
[SourceVersionDate "2005.01.27"]
[SourceQuality "1"]
[WhiteTeam "Marmaris"]
[BlackTeam "Sarajevo Zeljeznicar"]
[WhiteTeamCountry "TUR"]
[BlackTeamCountry "BIH"]

1. e4 e6 2. d4 d5 3. Nd2 Nf6 4. e5 Nfd7 5. Bd3 c5 6. c3 Nc6 7. Ne2 cxd4 8. cxd4 f6 9. exf6 Nxf6 10. 0-0 Bd6 11. Nf3 Qc7 12. h3 0-0 13. Be3 Bd7 14. Rc1 a6 15. a3 Kh8 16. Re1 Nh5 17. Nc3 Nf4 18. Bb1 Qd8 19. h4 Qf6 20. Ng5 g6 21. g3 h6 22. gxf4 hxg5 23. hxg5 Qf7 24. Ne2 Kg7 25. Kg2 Rh8 26. Qd2 e5 27. Rh1 e4 28. Bxe4 Ne7 29. Bb1 Qe6 30. Ng3 Rh3 31. f5 Rxg3+ 32. fxg3 Nxf5 33. Bf2 Nxg3 34. Bxg3 Bxg3 35. Rh6 Qg4 36. Qd1 Qf4 37. Rxg6+ 1-0

[Event "Izmir op"]
[Site "Izmir"]
[Date "2003.09.02"]
[Round "8"]
[White "Sengul, Cengiz"]
[Black "Ulker, Ates"]
[Result "1/2-1/2"]
[WhiteElo "2068"]
[BlackElo "2262"]
[PlyCount "98"]
[EventDate "2003.08.25"]
[EventType "swiss"]
[EventRounds "9"]
[EventCountry "TUR"]
[SourceTitle "EXT 2004"]
[Source "ChessBase"]
[SourceDate "2003.11.25"]
[SourceVersion "1"]
[SourceVersionDate "2003.11.25"]
[SourceQuality "1"]

1. c4 Nf6 2. Nc3 e6 3. e4 d5 4. e5 d4 5. exf6 dxc3 6. fxg7 cxd2+ 7. Bxd2 Bxg7 8. Qc2 Nc6 9. Nf3 Nd4 10. Nxd4 Bxd4 11. Bc3 Qf6 12. Bxd4 Qxd4 13. Be2 Bd7 14. Bf3 Qe5+ 15. Qe2 Qa5+ 16. Qd2 Qxd2+ 17. Kxd2 0-0-0 18. Kc3 e5 19. Rhe1 f6 20. Rad1 Bf5 21. Rxd8+ Rxd8 22. Rd1 Rxd1 23. Bxd1 Be4 24. g3 Kd7 25. Kd2 Ke6 26. Ke3 Bb1 27. a3 f5 28. Be2 c5 29. f4 Bc2 30. Kd2 Ba4 31. Bf3 b6 32. Ke3 Kf6 33. Kd2 Be8 34. Ke3 Bf7 35. Be2 Be6 36. Kd2 Bf7 37. Ke3 h6 38. Kd2 Ke6 39. Ke3 Kd6 40. Kd2 a6 41. Ke3 Be8 42. Bf3 b5 43. fxe5+ Kxe5 44. cxb5 axb5 45. Bb7 Bd7 46. Bf3 c4 47. Bb7 Be8 48. Bf3 Bd7 49. Bb7 Be8 1/2-1/2

[Event "Izmir op"]
[Site "Izmir"]
[Date "2003.08.28"]
[Round "4"]
[White "Topel, Zehra"]
[Black "Ulker, Ates"]
[Result "1-0"]
[WhiteElo "2045"]
[BlackElo "2262"]
[PlyCount "90"]
[EventDate "2003.08.25"]
[EventType "swiss"]
[EventRounds "9"]
[EventCountry "TUR"]
[SourceTitle "EXT 2004"]
[Source "ChessBase"]
[SourceDate "2003.11.25"]
[SourceVersion "1"]
[SourceVersionDate "2003.11.25"]
[SourceQuality "1"]

1. d4 Nf6 2. Nf3 e6 3. c4 b6 4. g3 Ba6 5. Nbd2 c5 6. Bg2 Bb7 7. e4 d6 8. 0-0 Be7 9. Qc2 Qc7 10. d5 e5 11. Ne1 0-0 12. f4 Nbd7 13. Ndf3 Ne8 14. f5 Qd8 15. g4 Nc7 16. Kh1 b5 17. b3 a5 18. Rg1 a4 19. Rb1 axb3 20. axb3 Ba6 21. Bf1 Rb8 22. g5 Kh8 23. Ra1 Qc8 24. Qg2 Nb6 25. Qh3 g6 26. Qh6 Re8 27. Rg3 Bf8 28. Qh4 Qd8 29. Rh3 h5 30. Be2 Kg8 31. Nd2 Bg7 32. f6 Bc8 33. Rg3 bxc4 34. bxc4 Nbxd5 35. cxd5 Nxd5 36. exd5 Rb4 37. Nc4 Bb7 38. Qe4 Bxf6 39. gxf6 Qxf6 40. Bd2 Qe6 41. dxe6 Bxe4+ 42. Kg1 Rxe6 43. Bxb4 cxb4 44. Bf3 d5 45. Bxe4 dxc4 1-0

[Event "Saraybahce GP"]
[Site "Kocaeli"]
[Date "2002.08.25"]
[Round "9"]
[White "Ulker, Ates"]
[Black "Shengelia, Davit"]
[Result "0-1"]
[WhiteElo "2261"]
[BlackElo "2421"]
[PlyCount "94"]
[EventDate "2002.08.17"]
[EventType "swiss"]
[EventRounds "9"]
[EventCountry "TUR"]
[SourceTitle "CBM 089 Extra"]
[Source "ChessBase"]
[SourceDate "2002.09.10"]
[SourceVersion "2"]
[SourceVersionDate "2002.09.10"]
[SourceQuality "1"]

1. e4 c5 2. Nf3 d6 3. c3 Nf6 4. Bd3 Nc6 5. Bc2 Bg4 6. h3 Bh5 7. d3 e6 8. Nbd2 Be7 9. Nf1 Qc7 10. Ng3 Bg6 11. Nh4 d5 12. Nxg6 hxg6 13. Ba4 0-0-0 14. Bxc6 Qxc6 15. e5 Nd7 16. d4 f6 17. exf6 gxf6 18. Be3 e5 19. Ne2 f5 20. dxe5 Nxe5 21. Bf4 Bf6 22. Qc2 Qa6 23. Bxe5 Bxe5 24. a3 Qc4 25. 0-0-0 Qe4 26. f3 Qxc2+ 27. Kxc2 Kc7 28. Rhe1 Rhe8 29. Nc1 Kc6 30. Rd2 Bg3 31. Rxe8 Rxe8 32. Re2 Re5 33. Rxe5 Bxe5 34. Ne2 f4 35. b3 a5 36. Nc1 g5 37. Nd3 Bd6 38. Nb2 c4 39. a4 b5 40. axb5+ Kxb5 41. bxc4+ dxc4 42. Nd1 Bc5 43. Kb2 a4 44. Ka2 a3 45. Kb1 Ka4 46. Ka2 Bb6 47. Kb1 Kb3 0-1